[Event "FRA Team Ch"]
[Site "REIMS"]
[Date "2002.??.??"]
[Round "9.4"]
[White "Mensch, Etienne"]
[Black "Mullon, Jean-Baptiste"]
[Result "0-1"]
[WhiteElo "2383"]
[BlackElo "2284"]
[PlyCount "79"]
[EventDate "2005.05.??"]

1. d4 d5 2. c4 c6 3. Nf3 Nf6 4. Nc3 dxc4 5. a4 Bf5 6. Ne5 e6 7. g3 Bb4 8. Bg2
Be4 9. f3 Bg6 10. O-O Bc2 11. Qxc2 Qxd4+ 12. Kh1 Qxe5 13. e4 Na6 14. f4 Qd4 15.
Rd1 Qb6 16. Qe2 Nc5 17. Be3 Qa6 18. Na2 Nd3 19. g4 Ba5 20. g5 Nd7 21. b3 cxb3
22. Rxd3 bxa2 23. Rxa2 Bb6 24. Bf1 Bxe3 25. Qxe3 Qb6 26. Qd2 Nc5 27. Rb2 Qc7
28. Rd4 O-O 29. e5 Rfd8 30. Rbb4 a5 31. Rxd8+ Rxd8 32. Rd4 Rd5 33. Rxd5 cxd5
34. Qb2 g6 35. Qb5 Ne4 36. Qe8+ Kg7 37. h4 Qc1 38. Kg1 Qe3+ 39. Kh1 Qxf4 40.
Qe7 0-1

[Event "FRA Team Ch"]
[Site "REIMS"]
[Date "2002.??.??"]
[Round "9.5"]
[White "Berthelot, Yannick"]
[Black "Roos, Daniel"]
[Result "1/2-1/2"]
[WhiteElo "2263"]
[BlackElo "2420"]
[PlyCount "112"]
[EventDate "2005.05.??"]

1. e4 c6 2. d4 d5 3. Nc3 dxe4 4. Nxe4 Nf6 5. Nxf6+ gxf6 6. Nf3 Bf5 7. Be2 Nd7
8. O-O Qc7 9. c4 e6 10. d5 c5 11. Nh4 Bg6 12. dxe6 fxe6 13. Bg4 O-O-O 14. Bxe6
Bd6 15. g3 Kb8 16. Be3 Ne5 17. Qb3 Rhe8 18. Bd5 Ng4 19. Rfe1 Be5 20. Nf3 Nxe3
21. Rxe3 Bd4 22. Rxe8 Rxe8 23. Re1 Rxe1+ 24. Nxe1 Qb6 25. Qxb6 axb6 26. b3 Bb1
27. Bf3 Bxa2 28. Bd1 b5 29. cxb5 c4 30. bxc4 Bxc4 31. Bc2 Bc3 32. Nf3 h6 33.
Nh4 Bxb5 34. Nf5 Bd2 35. f4 h5 36. h4 Be1 37. Kg2 Be2 38. Be4 b5 39. Nd4 Bc4
40. Bg6 Bc3 41. Nf3 Kc7 42. Bxh5 Kd6 43. Kf2 Bd5 44. Ke3 Bxf3 45. Kxf3 Ke7 46.
Bg6 Kf8 47. Ke2 Kg7 48. Bc2 Bb2 49. g4 Bc3 50. g5 fxg5 51. hxg5 Ba5 52. Kd3 Bc7
53. Ke4 Bd6 54. Kf5 Bc7 55. Bb3 Bd6 56. Ke4 Bc7 1/2-1/2

[Event "FRA Team Ch"]
[Site "REIMS"]
[Date "2002.??.??"]
[Round "9.6"]
[White "Herbrechtsmeier, Christof"]
[Black "Gerard, Nicolas"]
[Result "1-0"]
[WhiteElo "2353"]
[BlackElo "2260"]
[PlyCount "79"]
[EventDate "2005.05.??"]

1. e4 c5 2. Nf3 d6 3. d4 cxd4 4. Nxd4 Nf6 5. Nc3 a6 6. Bg5 e6 7. f4 Be7 8. Qf3
Qc7 9. O-O-O Nbd7 10. Qg3 h6 11. Bh4 g5 12. fxg5 Nh5 13. Qe3 Qc5 14. Kb1 hxg5
15. Bf2 Ne5 16. Qe1 Qc7 17. Nf3 b5 18. Nxe5 dxe5 19. Qe3 Bb7 20. a3 Rc8 21. Re1
Nf6 22. Bd3 Nd7 23. Qg3 Nb6 24. h4 gxh4 25. Qg7 Rf8 26. Bxh4 Bxh4 27. Rxh4 Qe7
28. Rh7 Nd7 29. Rf1 Rc7 30. g4 Nc5 31. Rf3 Nxd3 32. Rxd3 Rd7 33. Qxe5 Rxd3 34.
cxd3 Qd7 35. d4 Rg8 36. d5 Bc8 37. d6 Kf8 38. Qf6 Bb7 39. Qh6+ Ke8 40. Rh8 1-0

[Event "FRA Team Ch"]
[Site "REIMS"]
[Date "2002.??.??"]
[Round "9.7"]
[White "Crouan, Stephane"]
[Black "Roos, Jean-Luc"]
[Result "1-0"]
[WhiteElo "2307"]
[BlackElo "2306"]
[PlyCount "113"]
[EventDate "2005.05.??"]

1. e4 e6 2. d4 d5 3. Nc3 Bb4 4. e5 c5 5. a3 Bxc3+ 6. bxc3 Ne7 7. Qg4 Qa5 8. Bd2
cxd4 9. cxd4 Qa4 10. c3 Kf8 11. h4 Nbc6 12. Nf3 b6 13. Rh3 h6 14. Bd3 Ba6 15.
Rg3 Rg8 16. Bh7 Qc4 17. Kd1 Nf5 18. Bxf5 exf5 19. Qxf5 Ne7 20. Qf4 Bc8 21. e6
Bxe6 22. Ne5 Qa4+ 23. Ke1 Qc2 24. Rd3 Ke8 25. Rc1 Qa4 26. g4 Rf8 27. Re3 Kd8
28. c4 a5 29. cxd5 Nxd5 30. Nxf7+ Rxf7 31. Qd6+ Qd7 32. Rxe6 Qxd6 33. Rxd6+ Rd7
34. Rcc6 Raa7 35. Ke2 Ke7 36. Rxd7+ Rxd7 37. Kd3 Rd6 38. Rxd6 Kxd6 39. g5 hxg5
40. hxg5 g6 41. Kc4 Kc6 42. a4 Ne7 43. Bf4 Nd5 44. Bd2 Ne7 45. f4 Nf5 46. d5+
Kc7 47. Bc3 Nd6+ 48. Kd4 Kd7 49. Bb2 b5 50. axb5 Nxb5+ 51. Ke5 Nc7 52. f5 gxf5
53. g6 Ne8 54. Kxf5 Kd6 55. Ke4 Ke7 56. Ke5 Ng7 57. Ba3+ 1-0

[Event "FRA Team Ch"]
[Site "REIMS"]
[Date "2002.??.??"]
[Round "9.8"]
[White "Roos, Louis"]
[Black "Delalande, Thierry"]
[Result "1-0"]
[WhiteElo "2342"]
[BlackElo "2182"]
[PlyCount "105"]
[EventDate "2005.05.??"]

1. Nf3 d5 2. c4 c6 3. e3 Bg4 4. cxd5 Qxd5 5. Nc3 Qa5 6. b4 Qc7 7. a3 Nf6 8. Bb2
e6 9. Rc1 a6 10. h3 Bh5 11. Bd3 Be7 12. Qb3 Nbd7 13. Na4 Bg6 14. Be2 O-O 15. d3
Rfc8 16. d4 Be4 17. O-O Bd5 18. Qc2 Be4 19. Qd1 Bg6 20. Qb3 Qd8 21. Rfd1 Qf8
22. Nc5 Nxc5 23. bxc5 Bd8 24. Nd2 Bc7 25. Bf3 Rab8 26. Rc4 Qe7 27. Rcc1 Rd8 28.
Nc4 Be4 29. Bxe4 Nxe4 30. Bc3 Qh4 31. Be1 Qf6 32. Qc2 Qg6 33. f3 Nf6 34. Qxg6
hxg6 35. Ba5 Rd7 36. Bxc7 Rxc7 37. Kf2 Kf8 38. Rb1 Ke7 39. Rb3 Ne8 40. Rdb1 Kd8
41. e4 f6 42. Ke3 Kd7 43. h4 Kc8 44. f4 Kd8 45. Rb6 Kc8 46. Na5 e5 47. dxe5
fxe5 48. fxe5 Kd7 49. Nxb7 Ke6 50. Na5 Rbc8 51. Nc4 Ra8 52. Rb8 Rxb8 53. Rxb8
1-0

[Event "FRA Team Ch"]
[Site "REIMS"]
[Date "2002.??.??"]
[Round "9.9"]
[White "Marchadour, Claire"]
[Black "Roos, Louise"]
[Result "1-0"]
[WhiteElo "2121"]
[BlackElo "1720"]
[PlyCount "115"]
[EventDate "2005.05.??"]

1. e4 c5 2. Nf3 d6 3. d4 cxd4 4. Nxd4 Nf6 5. Nc3 Nc6 6. f3 a6 7. Be3 e6 8. Qd2
Be7 9. O-O-O Qc7 10. g4 b5 11. Nxc6 Qxc6 12. h4 Nd7 13. Ne2 Nb6 14. Nd4 Qb7 15.
g5 d5 16. e5 Nc4 17. Bxc4 bxc4 18. h5 Rb8 19. c3 a5 20. Qc2 Bd7 21. Rd2 a4 22.
a3 Kd8 23. Rg1 Kc7 24. f4 Qc8 25. Rh2 h6 26. gxh6 Rxh6 27. Qg2 Qf8 28. Nc2 Rh7
29. f5 Bc6 30. Bd4 exf5 31. Ne3 Bxa3 32. Nxd5+ Kd8 33. Qg5+ Be7 34. Nxe7 Qxe7
35. Qxf5 Rh8 36. Rd1 Kc7 37. Qg4 Rhg8 38. e6 Rb5 39. Qf4+ Kb7 40. Qxf7 Qxf7 41.
exf7 Rf8 42. Bxg7 Rxf7 43. h6 Be4 44. Rh4 Bg6 45. Rxc4 a3 46. bxa3 Rb1+ 47. Kd2
Rd7+ 48. Bd4 Rb2+ 49. Ke3 Rh2 50. Rb4+ Ka6 51. Rg1 Re7+ 52. Kf4 Re6 53. Rg5
Rxh6 54. Rgb5 Bd3 55. Rb8 Ka5 56. Ra8+ Ra6 57. Rd8 Rad6 58. Be5 1-0

[Event "FRA Team Ch"]
[Site "REIMS"]
[Date "2002.??.??"]
[Round "10.2"]
[White "Godena, Michele"]
[Black "Delchev, Aleksander"]
[Result "1/2-1/2"]
[WhiteElo "2481"]
[BlackElo "2550"]
[PlyCount "80"]
[EventDate "2005.05.??"]

1. e4 g6 2. d4 Bg7 3. c3 d6 4. Nf3 Nf6 5. Bd3 O-O 6. O-O c5 7. h3 Qc7 8. Re1 e5
9. dxe5 dxe5 10. Qe2 h6 11. Be3 b6 12. Nbd2 Nc6 13. a4 Be6 14. Bb5 Na5 15. b4
Nb7 16. Bc4 Bxc4 17. Qxc4 Nd6 18. Qd3 c4 19. Qc2 Rfe8 20. Nh2 Qc6 21. f3 Nh5
22. Ng4 Kh7 23. Red1 Nf4 24. Bf2 f5 25. Ne3 fxe4 26. fxe4 Rf8 27. Bg3 Ne2+ 28.
Kh2 Nxg3 29. Kxg3 h5 30. Nf3 Bh6 31. Nd5 Rae8 32. Kh2 g5 33. Qe2 Qd7 34. Rf1 g4
35. Nxe5 Qe6 36. Nxc4 Qxd5 37. exd5 Rxe2 38. Nxd6 Bf4+ 39. Rxf4 Rxf4 40. hxg4
Rxg4 1/2-1/2

[Event "FRA Team Ch"]
[Site "REIMS"]
[Date "2002.??.??"]
[Round "10.3"]
[White "Vaisser, Anatoly"]
[Black "Fontaine, Robert"]
[Result "1/2-1/2"]
[WhiteElo "2572"]
[BlackElo "2484"]
[PlyCount "83"]
[EventDate "2005.05.??"]

1. d4 d5 2. c4 c6 3. Nf3 Nf6 4. Nc3 a6 5. cxd5 cxd5 6. Bg5 Ne4 7. Bh4 Nxc3 8.
bxc3 Nc6 9. e3 g6 10. Bd3 Bg7 11. O-O O-O 12. e4 dxe4 13. Bxe4 Na5 14. Re1 Re8
15. Qa4 Bd7 16. Qb4 Rc8 17. Nd2 Bh6 18. Nb3 Nxb3 19. Qxb3 Qa5 20. Qxb7 Rc7 21.
Qd5 Qxc3 22. Bg3 Be6 23. Qe5 Rd7 24. Qc5 Qxd4 25. Qxd4 Rxd4 26. Be5 Rd2 27. Bb7
Rxa2 28. Rxa2 Bxa2 29. Bxa6 Bd5 30. Rb1 f6 31. Rb8 Rxb8 32. Bxb8 Kf7 33. Ba7
Bf4 34. Be3 Bxe3 35. fxe3 Be4 36. Bc4+ Kg7 37. Kf2 f5 38. h4 e5 39. g3 h6 40.
Be2 Kf6 41. Bd1 g5 42. hxg5+ 1/2-1/2

[Event "FRA Team Ch"]
[Site "REIMS"]
[Date "2002.??.??"]
[Round "10.4"]
[White "Gallagher, Joseph G"]
[Black "Sharif, Mehrshad"]
[Result "1/2-1/2"]
[WhiteElo "2498"]
[BlackElo "2476"]
[PlyCount "45"]
[EventDate "2005.05.??"]

1. e4 e6 2. d4 d5 3. Nd2 Be7 4. Ngf3 Nf6 5. Bd3 c5 6. e5 Nfd7 7. c3 b6 8. Qe2
a5 9. O-O Ba6 10. c4 Nc6 11. cxd5 Bxd3 12. Qxd3 exd5 13. Qf5 Nf8 14. Rd1 Ne6
15. dxc5 bxc5 16. Nf1 O-O 17. Ng3 Rb8 18. Rb1 Ncd4 19. Nxd4 Nxd4 20. Qd3 f6 21.
exf6 Bxf6 22. Be3 Qd7 23. b3 1/2-1/2

[Event "FRA Team Ch"]
[Site "REIMS"]
[Date "2002.??.??"]
[Round "10.5"]
[White "Banikas, Hristos"]
[Black "Chabanon, Jean-Luc"]
[Result "1/2-1/2"]
[WhiteElo "2523"]
[BlackElo "2483"]
[PlyCount "58"]
[EventDate "2005.05.??"]

1. d4 Nf6 2. c4 e6 3. Nf3 b6 4. Nc3 Bb7 5. Bg5 Bb4 6. Qb3 c5 7. Rd1 h6 8. Bh4
Bxf3 9. gxf3 cxd4 10. Qxb4 Nc6 11. Qa3 dxc3 12. Qxc3 Ne4 13. fxe4 Qxh4 14. Rg1
Qxh2 15. Rxg7 Qe5 16. Rg3 Ke7 17. Qxe5 Nxe5 18. b3 Rag8 19. Rh3 Rg6 20. e3 h5
21. Rd2 Nc6 22. f3 h4 23. Rdh2 Rgh6 24. Be2 a5 25. a3 e5 26. Rg2 Rg6 27. Rgh2
Rgh6 28. Rg2 Rg6 29. Rgh2 Rgh6 1/2-1/2

[Event "FRA Team Ch"]
[Site "REIMS"]
[Date "2002.??.??"]
[Round "10.6"]
[White "Kazhgaleyev, Murtas"]
[Black "Nikolaidis, Ioannis"]
[Result "1-0"]
[WhiteElo "2583"]
[BlackElo "2516"]
[PlyCount "72"]
[EventDate "2005.05.??"]

1. d4 Nf6 2. c4 e6 3. Nf3 b6 4. a3 Ba6 5. Qc2 c5 6. e4 cxd4 7. Nxd4 Bc5 8. Nb3
Be7 9. e5 Ng8 10. Nc3 Nc6 11. Bf4 Bg5 12. Bg3 f5 13. exf6 Nxf6 14. Bd3 O-O 15.
O-O Rc8 16. Rad1 Rf7 17. Qe2 g6 18. Nd2 Nh5 19. Nf3 Nf4 20. Bxf4 Bxf4 21. b4
Bb7 22. Be4 Qf8 23. Rd3 Re8 24. Re1 Qg7 25. Nb5 Rb8 26. Red1 Rff8 27. h3 Nd8
28. Nd6 Bxd6 29. Rxd6 Bc6 30. b5 Bb7 31. a4 Bc8 32. Qd3 Nb7 33. Bxb7 Bxb7 34.
Rxd7 Rf7 35. Rxf7 Qxf7 36. Ne5 Qe7 1-0

[Event "FRA Team Ch"]
[Site "REIMS"]
[Date "2002.??.??"]
[Round "10.8"]
[White "Armas, Julius"]
[Black "Leski, Marc"]
[Result "0-1"]
[WhiteElo "2385"]
[BlackElo "2421"]
[PlyCount "39"]
[EventDate "2005.05.??"]

1. e4 d6 2. Nf3 Nf6 3. c3 g6 4. g3 Bg7 5. Bg2 O-O 6. Qe2 e5 7. O-O Re8 8. d3 d5
9. Bg5 Nc6 10. Na3 Bg4 11. h3 Be6 12. Kh2 h6 13. Bxf6 Bxf6 14. Nc2 a5 15. Ne3
d4 16. Nc2 a4 17. cxd4 exd4 18. Nd2 Ra5 19. Na3 Qd7 20. f4 0-1

[Event "FRA Team Ch"]
[Site "REIMS"]
[Date "2002.??.??"]
[Round "10.1"]
[White "Andersson, Ulf"]
[Black "Van Wely, Loek"]
[Result "1/2-1/2"]
[WhiteElo "2604"]
[BlackElo "2642"]
[PlyCount "40"]
[EventDate "2005.05.??"]

1. Nf3 Nf6 2. c4 e6 3. g3 a6 4. Bg2 b5 5. b3 Bb7 6. O-O c5 7. Nc3 Qb6 8. e3 Be7
9. Qe2 Ne4 10. Nxe4 Bxe4 11. d3 Bb7 12. Bb2 O-O 13. d4 d6 14. dxc5 Qxc5 15.
cxb5 Qxb5 16. Nd4 Qxe2 17. Nxe2 Bxg2 18. Kxg2 Nc6 19. Nd4 Nxd4 20. Bxd4 Rfc8
1/2-1/2

[Event "FRA Team Ch"]
[Site "REIMS"]
[Date "2002.??.??"]
[Round "10.3"]
[White "Bauer, Christian"]
[Black "Hebden, Mark"]
[Result "1/2-1/2"]
[WhiteElo "2571"]
[BlackElo "2537"]
[PlyCount "84"]
[EventDate "2005.05.??"]

1. e4 e5 2. Nf3 Nc6 3. Bb5 a6 4. Ba4 Nf6 5. O-O Be7 6. Re1 b5 7. Bb3 O-O 8. a4
Bb7 9. d3 d6 10. Nbd2 Qd7 11. Nf1 Rfe8 12. Ng3 h6 13. Bd2 Bf8 14. c4 bxc4 15.
Bxc4 Nd8 16. Bc3 c5 17. Nh4 Ne6 18. Ngf5 g6 19. Ne3 Bg7 20. Ba2 Bc6 21. Nc4
Rab8 22. a5 Qd8 23. g3 Kh7 24. Nf3 Nd4 25. Bxd4 exd4 26. e5 Ng4 27. Nxd6 Rxb2
28. Nxf7 Nxf2 29. Nxd8 Nh3+ 30. Kh1 Nf2+ 31. Kg1 Rxd8 32. Qd2 Rxd2 33. Nxd2
Nxd3 34. Rf1 Nxe5 35. Rac1 Rb8 36. Rb1 Bb5 37. Rfe1 Rf8 38. Bd5 c4 39. Rxe5
Bxe5 40. Bxc4 d3 41. Bxb5 axb5 42. Rb3 Bd4+ 1/2-1/2

[Event "FRA Team Ch"]
[Site "REIMS"]
[Date "2002.??.??"]
[Round "10.6"]
[White "Degraeve, Jean-Marc"]
[Black "Marciano, David"]
[Result "1/2-1/2"]
[WhiteElo "2595"]
[BlackElo "2505"]
[PlyCount "29"]
[EventDate "2005.05.??"]

1. e4 c5 2. Nf3 e6 3. c3 d5 4. exd5 exd5 5. d4 Nc6 6. Bb5 Bd6 7. O-O Nge7 8.
dxc5 Bxc5 9. Nbd2 O-O 10. Nb3 Bb6 11. Re1 Nf5 12. Bd3 a5 13. Bg5 Qd6 14. Bxf5
Bxf5 {YWdlcy9lZS9hbmdsZV9iZC5naWYiIHdpZHRoPSIyMiIgaGVpZ2h0PSIyMiIgYWx0PSIpIj48
L3RkPgoJCTwvdHI+Cgk8L3RhYmxlPgogIDxpbWcgc3JjPSIvaW1hZ2VzL2VlL2xpc3NlX2Jh 
c3NlLmdpZiIgd2lkdGg9IjQyNCIgaGVpZ2h0PSIyMCIgYWx0PSIqKioiPjwvZGl2PgogPC9i 
b2R5Pgo8L2h0bWw+CjwhLS0gbWFpbi5paHRtbCAtLT4KCgoKCgoKCgoK} 15. Qd4 {Qe8  Rc2  Qa
8+  Kg1  Rd5  Rc8  Rxd4  Rxa8  Rd3  Kf1  Rb3  Ra5  Kg7  Ke2  Kf6  Kd2  Rf3 
Rxb5  Rxa3  Rc5  Rf3  b5  Ke6  b6  Rb3  Rc6+  Kd5  Rf6  Ke5  Rxf7  Rxb6  Ke2 
Rb4  Kf3  Rb3+  Kg2  Rb4  Kh3  Ra4  f3  Rb4  Rf8  Ra4  g4  hxg4+  fxg4  Rf4 
Rxf4  Kxf4  g5  Kf5  Kg3  Ke6  Kf4  Kf7  Kf3  Ke6  Ke4  Kd6  Kf4  Ke6  Kg4 
Kf7  Kg3  Ke7  Kf3  Ke6  Kf4  Ke7  Kg4  Kf8  Kf3  Kf7  Ke4  Ke6  Kf4} 1/2-1/2

[Event "FRA Team Ch"]
[Site "REIMS"]
[Date "2002.??.??"]
[Round "10.7"]
[White "Miralles, Gilles"]
[Black "Relange, Eloi"]
[Result "1/2-1/2"]
[WhiteElo "2467"]
[BlackElo "2491"]
[PlyCount "103"]
[EventDate "2005.05.??"]

1. e4 c5 2. c3 Nf6 3. e5 Nd5 4. d4 cxd4 5. Nf3 Nc6 6. Bc4 Nb6 7. Bb3 d5 8. exd6
Qxd6 9. O-O Be6 10. Bxe6 Qxe6 11. Nxd4 Nxd4 12. Qxd4 Rd8 13. Qh4 Qc4 14. Qg3
Qd3 15. Be3 Nc4 16. Na3 Nxa3 17. bxa3 b6 18. c4 g6 19. Qe5 f6 20. Qb5+ Qd7 21.
Qb3 Qc6 22. Rfd1 Rxd1+ 23. Rxd1 e6 24. c5 Kf7 25. cxb6 axb6 26. Qxb6 Qxb6 27.
Bxb6 Be7 28. a4 e5 29. a5 Ra8 30. Rd7 Ke6 31. Ra7 Rc8 32. g3 Rc2 33. a6 Bc5 34.
Bxc5 Rxc5 35. Rxh7 Ra5 36. a7 Rxa2 37. h4 f5 38. f3 e4 39. fxe4 fxe4 40. g4 Ke5
41. Rf7 e3 42. Kf1 Ke4 43. h5 gxh5 44. gxh5 Ra1+ 45. Ke2 Ra2+ 46. Kf1 Ra1+ 47.
Kg2 e2 48. Re7+ Kf5 49. Rxe2 Rxa7 50. Kh3 Ra3+ 51. Kh4 Ra4+ 52. Kh3 1/2-1/2

[Event "FRA Team Ch"]
[Site "REIMS"]
[Date "2002.??.??"]
[Round "10.9"]
[White "Lallemand, Roza"]
[Black "Costagliola, Marina"]
[Result "1-0"]
[WhiteElo "2300"]
[BlackElo "2254"]
[PlyCount "77"]
[EventDate "2005.05.??"]

1. e4 e5 2. Nf3 Nc6 3. d4 exd4 4. Nxd4 Bc5 5. Nxc6 Qf6 6. Qd2 Qxc6 7. Bd3 Nf6
8. O-O O-O 9. b4 Bd4 10. c3 Bb6 11. e5 Ne4 12. Qc2 f5 13. Bb2 d5 14. exd6 Qxd6
15. c4 c5 16. Nc3 Bc7 17. f4 cxb4 18. Nxe4 fxe4 19. Bxe4 Bf5 20. c5 Bxe4 21.
cxd6 Bxc2 22. dxc7 a5 23. Rac1 Bf5 24. Be5 Be6 25. Rf2 b3 26. axb3 Bxb3 27. Rd2
Ba4 28. Rd3 Bc6 29. Kf2 a4 30. Rcc3 g6 31. h4 Kf7 32. g4 Rfe8 33. g5 Rac8 34.
Rd6 Re6 35. Rcd3 b5 36. Rxe6 Kxe6 37. Rd6+ Ke7 38. Rxc6 b4 39. Rc4 1-0

[Event "FRA Team Ch"]
[Site "REIMS"]
[Date "2002.??.??"]
[Round "10.3"]
[White "Beikert, Guenther"]
[Black "Hauchard, Arnaud"]
[Result "0-1"]
[WhiteElo "2438"]
[BlackElo "2518"]
[PlyCount "86"]
[EventDate "2005.05.??"]

1. g3 d5 2. Nf3 Nf6 3. Bg2 Bf5 4. O-O e6 5. d3 h6 6. c4 c6 7. Qb3 Qb6 8. Be3
Qxb3 9. axb3 a6 10. Bd4 Nbd7 11. Ne5 Bd6 12. Nxd7 Kxd7 13. f4 Rae8 14. Nc3 Bh7
15. cxd5 exd5 16. Rfe1 Kc8 17. e4 dxe4 18. dxe4 Rd8 19. e5 Bc7 20. Ba7 Nd7 21.
Bh3 b6 22. Rxa6 Kb7 23. Ra3 Nc5 24. Bg2 Rd2 25. Re2 Rxe2 26. Nxe2 Ra8 27. b4
Ne6 28. Nc3 Rxa7 29. Bxc6+ Kb8 30. Bd5 g5 31. Nb5 Rxa3 32. bxa3 gxf4 33. Bxe6
fxe6 34. gxf4 Kc8 35. Kf2 Kd7 36. Kf3 Bd8 37. Kg4 Bg6 38. Nd4 h5+ 39. Kf3 Bh4
40. Ke2 Be4 41. a4 Be7 42. a5 Bxb4 43. axb6 Bc5 0-1

[Event "FRA Team Ch"]
[Site "REIMS"]
[Date "2002.??.??"]
[Round "10.4"]
[White "Fressinet, Laurent"]
[Black "Theon, Pierre"]
[Result "1-0"]
[WhiteElo "2606"]
[BlackElo "2214"]
[PlyCount "73"]
[EventDate "2005.05.??"]

1. e4 c6 2. d4 d5 3. Nc3 dxe4 4. Nxe4 Bf5 5. Ng3 Bg6 6. Bc4 e6 7. N1e2 Bd6 8.
h4 h6 9. Nf4 Bxf4 10. Bxf4 Nf6 11. Qe2 b5 12. Bd3 Bxd3 13. Qxd3 Nbd7 14. O-O-O
Nb6 15. Be5 Nbd5 16. Kb1 O-O 17. Ne2 Nh7 18. g4 f6 19. Bg3 Re8 20. f4 Nf8 21.
Qf3 Ne7 22. h5 Qd5 23. Qf2 b4 24. g5 Nf5 25. Bh4 Kf7 26. Rhg1 a5 27. Rg4 a4 28.
gxf6 gxf6 29. Rdg1 b3 30. Nc3 Qc4 31. Qg2 bxc2+ 32. Kc1 Reb8 33. Rg6 Nd7 34.
Rxf6+ Nxf6 35. Qg6+ Ke7 36. Bxf6+ Kd7 37. Qf7+ 1-0

[Event "FRA Team Ch"]
[Site "REIMS"]
[Date "2002.??.??"]
[Round "10.5"]
[White "Gouret, Thierry"]
[Black "Horvath, Jozsef"]
[Result "0-1"]
[WhiteElo "2257"]
[BlackElo "2548"]
[PlyCount "78"]
[EventDate "2005.05.??"]

1. d4 Nf6 2. Bg5 e6 3. e3 c5 4. c3 h6 5. Bh4 b6 6. Nd2 Bb7 7. Ngf3 Be7 8. Bd3
O-O 9. O-O Nc6 10. a3 d5 11. Ne5 Nxe5 12. dxe5 Nd7 13. Bxe7 Qxe7 14. f4 f6 15.
exf6 Rxf6 16. Bb5 e5 17. Bxd7 Qxd7 18. fxe5 Rg6 19. Rf2 d4 20. cxd4 cxd4 21. e4
Rc8 22. Rc1 Rxc1 23. Qxc1 Rc6 24. Qd1 d3 25. Qf3 Rc1+ 26. Rf1 Qd4+ 27. Kh1
Rxf1+ 28. Qxf1 Bxe4 29. e6 Bg6 30. b3 Qe3 31. Qc1 Kh7 32. h3 Be4 33. Kh2 Qg5
34. Qf1 Qxd2 35. e7 Bg6 36. Qf3 Qe2 37. Qf4 Qxe7 38. h4 Qe2 39. Qg4 Qxg4 0-1

[Event "FRA Team Ch"]
[Site "REIMS"]
[Date "2002.??.??"]
[Round "10.6"]
[White "Skripchenko-Lautier, Almira"]
[Black "Vaugeois, Cyrille"]
[Result "1-0"]
[WhiteElo "2484"]
[BlackElo "2134"]
[PlyCount "83"]
[EventDate "2005.05.??"]

1. e4 c5 2. Nf3 e6 3. d3 Nc6 4. c3 Nge7 5. g3 d5 6. Qe2 b6 7. Bg2 Bb7 8. O-O g6
9. Re1 Bg7 10. h4 h5 11. e5 Qd7 12. Bf4 Nf5 13. Nbd2 Ba6 14. a3 Rc8 15. Ng5
Nce7 16. Ndf3 c4 17. d4 Bb5 18. Nh3 Bh6 19. Bg5 Bxg5 20. Nfxg5 Ba4 21. Nf4 Rb8
22. Bf3 Ng7 23. Kg2 Bc6 24. Qd2 Nef5 25. Rh1 Kd8 26. Be2 Qe7 27. f3 Kd7 28. b3
cxb3 29. a4 Rbc8 30. Rhb1 Rc7 31. Rxb3 Rhc8 32. a5 b5 33. a6 Ke8 34. Nh7 Kd8
35. Bd3 Ne8 36. Bxf5 exf5 37. Re1 Ng7 38. Nf6 Ne6 39. N4xd5 Bxd5 40. Nxd5 Qd7
41. Nxc7 Rxc7 42. Reb1 1-0

[Event "FRA Team Ch"]
[Site "REIMS"]
[Date "2002.??.??"]
[Round "10.7"]
[White "Vasseur, Patrick"]
[Black "Maze, Sebastien"]
[Result "0-1"]
[WhiteElo "2158"]
[BlackElo "2343"]
[PlyCount "92"]
[EventDate "2005.05.??"]

1. d4 Nf6 2. c4 e6 3. Nc3 b6 4. e4 d6 5. Bd3 c5 6. d5 e5 7. f4 Bg4 8. Nf3 Nbd7
9. O-O g6 10. h3 Bxf3 11. Qxf3 Bg7 12. f5 O-O 13. g4 h6 14. Be2 Nh7 15. Qg3 Kh8
16. fxg6 fxg6 17. Bd2 Qe7 18. Rxf8+ Rxf8 19. Rf1 Rxf1+ 20. Bxf1 a6 21. Qe1 Bf6
22. Bxh6 Bh4 23. Qe3 g5 24. Qf3 Qf6 25. Qf5 Qxf5 26. exf5 Nhf6 27. Na4 Kh7 28.
Bf8 Nxf8 29. Nxb6 Bg3 30. Nc8 e4 31. Kg2 Bf4 32. Be2 Kg7 33. Kf2 Kf7 34. Bd1
Ke8 35. a3 Kd8 36. Na7 e3+ 37. Kf3 N8d7 38. Nc6+ Kc7 39. h4 Ne5+ 40. Nxe5 dxe5
41. hxg5 Bxg5 42. b4 Kd6 43. Be2 e4+ 44. Kg3 Nd7 45. Kg2 Ne5 46. Kf1 Nd3 0-1

[Event "FRA Team Ch"]
[Site "REIMS"]
[Date "2002.??.??"]
[Round "10.8"]
[White "Spiridonov, Nikola"]
[Black "Gervais, Claire"]
[Result "1/2-1/2"]
[WhiteElo "2372"]
[BlackElo "2169"]
[PlyCount "122"]
[EventDate "2005.05.??"]

1. c4 e6 2. g3 Nf6 3. Bg2 d5 4. Nf3 c6 5. b3 a5 6. a3 Nbd7 7. d3 Bd6 8. O-O O-O
9. Bb2 Re8 10. cxd5 exd5 11. Nbd2 Ne5 12. Nxe5 Bxe5 13. Bxe5 Rxe5 14. Nf3 Re8
15. e3 Qd6 16. Qd2 Bd7 17. b4 Ra7 18. Nd4 Rea8 19. Rab1 axb4 20. axb4 Ra4 21.
h3 Ne8 22. Rfc1 Nc7 23. Qc3 Ne6 24. Nxe6 fxe6 25. d4 Re8 26. Qc5 Qb8 27. Ra1 b6
28. Qc3 Rxa1 29. Rxa1 Qb7 30. Qa3 Rc8 31. e4 Be8 32. Re1 Ra8 33. Qb3 Bf7 34.
exd5 cxd5 35. h4 Qc7 36. Bh3 Re8 37. Qb2 Qd6 38. b5 Rc8 39. Ra1 h6 40. Ra7 Rc4
41. Bf1 Rc8 42. Bd3 Bh5 43. Kg2 Qf8 44. Be2 Bg6 45. Qd2 Be4+ 46. f3 Bg6 47. Qe3
Qd6 48. Qa3 Qxa3 49. Rxa3 Rc2 50. Kf2 Be8 51. Rb3 Ra2 52. Ke3 Kf7 53. f4 Kf6
54. h5 Ra1 55. g4 Rh1 56. Bf3 Re1+ 57. Kf2 Ra1 58. Be2 Ra2 59. Ke3 Ra1 60. Rb2
Ra3+ 61. Kd2 g6 1/2-1/2

[Event "FRA Team Ch"]
[Site "REIMS"]
[Date "2002.??.??"]
[Round "10.9"]
[White "Leblon, Georges"]
[Black "De Sousa, Jose-Claude"]
[Result "0-1"]
[WhiteElo "2008"]
[BlackElo "2279"]
[PlyCount "112"]
[EventDate "2005.05.??"]

1. e4 c5 2. Nf3 e6 3. g3 Nc6 4. Bg2 g6 5. O-O Bg7 6. Re1 d6 7. c3 e5 8. d3 Nge7
9. Nbd2 O-O 10. a3 Rb8 11. b4 a6 12. Rb1 Bd7 13. Nb3 b6 14. Be3 Qc7 15. Qd2
Rfe8 16. d4 c4 17. Na1 b5 18. Rbd1 Rbd8 19. Nc2 Bc8 20. d5 Na7 21. Bg5 Bd7 22.
Nh4 Nac8 23. Bh6 Rf8 24. Bxg7 Kxg7 25. Ne3 Nb6 26. Rf1 f6 27. f4 Qa7 28. Kh1
Na4 29. h3 h6 30. Rf3 g5 31. Nhf5+ Bxf5 32. Nxf5+ Nxf5 33. exf5 Rde8 34. fxg5
fxg5 35. f6+ Rxf6 36. Rxf6 Kxf6 37. Rf1+ Kg7 38. h4 Qe7 39. hxg5 Qxg5 40. Qf2
Qe7 41. Qe3 Rf8 42. Rxf8 Qxf8 43. Kg1 Qe7 44. Be4 Qg5 45. Qf3 h5 46. Kg2 h4 47.
Bf5 Qxg3+ 48. Qxg3+ hxg3 49. Bc8 Nxc3 50. Bxa6 Nb1 51. Bxb5 Nxa3 52. Ba4 c3 53.
Kxg3 c2 54. Bxc2 Nxc2 55. b5 Nb4 56. Kf3 Nxd5 0-1

[Event "FRA Team Ch"]
[Site "REIMS"]
[Date "2002.??.??"]
[Round "10.1"]
[White "Shchekachev, Andrei"]
[Black "Sokolov, Andrei"]
[Result "1/2-1/2"]
[WhiteElo "2555"]
[BlackElo "2604"]
[PlyCount "20"]
[EventDate "2005.05.??"]

1. d4 Nf6 2. c4 e6 3. Nf3 b6 4. g3 Ba6 5. b3 Bb4+ 6. Bd2 Be7 7. Bg2 O-O 8. O-O
d5 9. cxd5 Nxd5 10. Nc3 Nd7 1/2-1/2

[Event "FRA Team Ch"]
[Site "REIMS"]
[Date "2002.??.??"]
[Round "10.2"]
[White "Pelletier, Yannick"]
[Black "Flear, Glenn C"]
[Result "1-0"]
[WhiteElo "2568"]
[BlackElo "2530"]
[PlyCount "63"]
[EventDate "2005.05.??"]

1. d4 d5 2. c4 e6 3. Nc3 c6 4. Nf3 Nf6 5. Bg5 Nbd7 6. e3 Qa5 7. cxd5 Nxd5 8.
Qd2 Bb4 9. Rc1 h6 10. Bh4 c5 11. Bd3 O-O 12. a3 Bxc3 13. bxc3 b6 14. e4 N5f6
15. O-O Bb7 16. d5 c4 17. Bb1 Rfe8 18. Rfe1 Rac8 19. dxe6 fxe6 20. e5 Nd5 21.
Nd4 Nf8 22. f4 Qxa3 23. f5 exf5 24. Nxf5 Qc5+ 25. Kh1 Qc7 26. Nd6 Rxe5 27. Nxb7
Rce8 28. Rxe5 Qxe5 29. Re1 Ne3 30. Nd6 Re6 31. Nf5 Qd5 32. Nd4 1-0

[Event "FRA Team Ch"]
[Site "REIMS"]
[Date "2002.??.??"]
[Round "10.3"]
[White "Hamdouchi, Hichem"]
[Black "Marzolo, Cyril"]
[Result "0-1"]
[WhiteElo "2570"]
[BlackElo "2405"]
[PlyCount "72"]
[EventDate "2005.05.??"]

1. e4 e6 2. d4 d5 3. Nd2 Be7 4. Ngf3 Nf6 5. Bd3 c5 6. exd5 Qxd5 7. dxc5 Bxc5 8.
O-O Nc6 9. a3 b6 10. Nb3 Be7 11. Qe2 Bb7 12. Bg5 h6 13. c4 Qd6 14. Bxf6 Bxf6
15. Rfd1 Qc7 16. c5 O-O 17. Rac1 Rac8 18. cxb6 Qxb6 19. Qe4 g6 20. Nc5 Ne5 21.
Nxb7 Rxc1 22. Rxc1 Nxd3 23. Qxd3 Qxb7 24. b4 Rd8 25. Qe3 Kg7 26. h4 Rd5 27. Rc5
Rd1+ 28. Kh2 Qb8+ 29. g3 Qd6 30. Ne5 h5 31. Kg2 Qa6 32. Rc7 Qf1+ 33. Kf3 Kg8
34. Rc8+ Kh7 35. Qxa7 Bxe5 36. Qxf7+ Bg7 0-1